| 000 | 00501nam a22001457a 4500 | ||
|---|---|---|---|
| 082 | _a621.3 | ||
| 100 | _aFirdousi Ferzia | ||
| 245 |
_aThroughput and SNR Optimization for TDMA based MAC protocol with Cooperative Diversity/ _cFerzia Firdousi |
||
| 260 |
_aIslamabad _bCEME- NUST _c2015 |
||
| 300 |
_a85p. : ill. ; _c30cm |
||
| 650 |
_aElectrical Engineering MS-Thesis _916073 |
||
| 700 |
_aDr. Shoab Ahmed Khan _916053 |
||
| 942 |
_2ddc _cTHE |
||
| 999 |
_c540793 _d540793 |
||